Villes d'origine des rappeurs francophones - Statistiques

Statistiques générales
  • Ce quiz a été pris 485 fois
  • Le résultat moyen est 16 sur 45
Statistiques - réponses
Hint Réponse % Correct
Jul Marseille
79%
SCH Marseille
75%
Soprano Marseille
71%
Bigflo & Oli Toulouse
68%
Damso Bruxelles
63%
Kaaris Sevran
61%
Hamza Bruxelles
57%
Booba Boulogne-Billancourt
55%
Orelsan Caen
53%
IAM Marseille
53%
Niska Évry-Courcouronnes
50%
Kalash Criminel Sevran
50%
Kamini Marly-Gomont
46%
Sexion d'Assaut Paris
46%
Nekfeu Paris
45%
Vald Aulnay-sous-bois
44%
PNL Corbeil-Essonnes
44%
Alpha Wann Paris
44%
Ashe 22 Lyon
43%
Gradur Roubaix
41%
Hugo TSR Paris
35%
Médine Le Havre
34%
Lorenzo Rennes
31%
Dosseh Orléans
30%
La Fouine Trappes
30%
NTM Saint-Denis
29%
Oxmo Puccino Paris
28%
Rohff Vitry-sur-Seine
28%
Dinos La Courneuve
27%
Kikesa Nancy
23%
Di-Meh Genève
22%
Doc Gyneco Paris
20%
Keny Arkana Marseille
17%
Sinik Les Ulis
16%
JeanJass Charleroi
15%
Alkpote Évry-Courcouronnes
15%
Ateyaba Montpellier
15%
Sages Poètes de la Rue Boulogne-Billancourt
13%
Ninho Yerres
12%
Disiz Évry-Courcouronnes
10%
Loud Montréal
10%
Infinit' Nice
9%
Gringe Cergy
7%
MC Solaar Villeneuve-Saint-Georges
7%
Fuzati Versailles
4%
Aucun quiz correspondant
Distribution des résultats
% des personnes avec chaque résultat
Percentile par nombre de réponses
Votre historique - résultats
Vous n’avez pas pris ce quiz